| 000 | 00673nam a2200193 i 4500 | ||
|---|---|---|---|
| 001 | 136872 | ||
| 003 | ES-MaACL | ||
| 005 | 20250809022419.0 | ||
| 007 | t| | ||
| 008 | 070214m19661975sp r ||||1| spa d | ||
| 100 | 1 |
_aSainz de Bujanda, Fernando ( _d1915-1999) _9101580 |
|
| 245 | 1 | 0 |
_aHacienda y Derecho _b: introducción al Derecho financiero de nuestro tiempo / _cFernando Sainz de Bujanda. |
| 260 |
_aMadrid : _bInstituto de Estudios Políticos, _c1966-75. |
||
| 300 |
_a5 v. ; _c24 cm. |
||
| 650 | 7 |
_aDerecho financiero _2embne _9147741 |
|
| 710 | 2 |
_aInstituto de Estudios Políticos (Madrid) _94924 |
|
| 852 |
_aES-MaACL _jP-29 _bR.93142 |
||
| 999 |
_c136872 _d136872 |
||